000
00342nam a2200145Ia 4500
003
OSt
005
20240301143139.0
008
170523s9999 xx 000 0 und d
020
_a
978-0131747319
040
_c
IIMTU MEERUT
100
_a
BOONE- LE
245
0
_a
CONTEMPORARY BUSINESS COMMUNICATION
260
_b
RESPONSE BOOK
942
_2
ddc
_c
02
999
_c
823
_d
823